000 00443pab a2200181 454500
008 180718b2006 xxu||||| |||| 00| 0 eng d
100 _aHall, Richard L.
245 _aLobbying as legislative subsidy
260 _c2006
300 _ap.69-84.
362 _aFeb
650 _aLobbying
650 _aLobbying
650 _aInterest groups
700 _aDeardorff, Alan V.
773 _aAmerican Political Science Review
909 _a71300
999 _c71300
_d71300